Pure Ground Type Pokémon - Statistics

General Stats
  • This quiz has been taken 66 times
  • The average score is 16 of 18
Answer Stats
Region Number Answer % Correct
Kanto 0027 Sandshrew
100%
0028 Sandslash
98%
0050 Diglett
95%
0051 Dugtrio
95%
0450 Hippowdon
93%
0232 Donphan
90%
0844 Gigantamax Sandaconda
90%
0383 Groudon
90%
Sinnoh 0449 Hippopotas
90%
0105 Marowak
90%
Johto 0231 Phanpy
90%
0844 Sandaconda
90%
Galar 0843 Silicobra
90%
0104 Cubone
88%
Unova 0529 Drilbur
88%
Hoenn 0328 Trapinch
88%
Alola 0749 Mudbray
85%
0750 Mudsdale
85%
No matching quizzes found
Score Distribution
Percent of People with Each Score
Percentile by Number Answered
Your Score History
You have not taken this quiz